[Event "Zalakaros op"]
[Site "Zalakaros"]
[Date "1995.??.??"]
[Round "1"]
[White "Csonka, Attila"]
[Black "Horvath, Tamas"]
[Result "0-1"]
[WhiteElo "2020"]
[BlackElo "2410"]

1.e4 c5 2.Nf3 e6 3.d4 cxd4 4.Nxd4 Nc6 5.Nc3 Qc7 6.Be3 a6 7.a3 Nf6 8.g3 Ne5
9.Bf4 d6 10.Bxe5 dxe5 11.Nb3 Be7 12.Bg2 O-O 13.O-O Nd7 14.Qe2 b5 15.f4 Rb8
16.Rad1 Bxa3 17.bxa3 Qxc3 18.Kh1 Qc7 19.f5 exf5 20.Rxf5 Nb6 21.g4 Nc4 22.Rd3 Bxf5
23.gxf5 Rb6 24.Rg3 Qe7 25.Qg4 Qf6 26.Nc5 Rd8 27.Nd3 Nxa3 28.Nb4 Nc4 29.Nd5 Rxd5
30.exd5 a5 31.Rc3 h6 32.Bf1 e4 33.Qg3 Qxf5 34.Bxc4 bxc4 35.Rxc4 Rb1+  0-1

[Event "Zalakaros op"]
[Site "Zalakaros"]
[Date "1995.??.??"]
[Round "4"]
[White "Molnar, Bela"]
[Black "Fogarasi, Tibor"]
[Result "0-1"]
[WhiteElo "2365"]
[BlackElo "2500"]

1.e4 c5 2.Nf3 e6 3.d4 cxd4 4.Nxd4 Nc6 5.Nc3 Qc7 6.g3 a6 7.Bg2 d6 8.O-O Bd7
9.a4 Na5 10.Re1 Nf6 11.f4 Nc6 12.Nb3 Be7 13.a5 O-O 14.Be3 Nb4 15.g4 Be8 16.g5 Nd7
17.Rf1 g6 18.f5 Ne5 19.Bb6 Qb8 20.f6 Bd8 21.Na4 Bb5 22.Rf2 Bxa4 23.Rxa4 Bxb6
24.axb6 Nbc6 25.Rd2 Qd8 26.Rxd6 Qxb6+ 27.Kh1 Rfd8 28.Rxd8+ Rxd8 29.Qg1 Qb5
30.Ra1 Qe2 31.Qc5 Rd1+  0-1

[Event "Zalakaros op"]
[Site "Zalakaros"]
[Date "1995.??.??"]
[Round "5"]
[White "Boros, Daniel"]
[Black "Nemeth, Maria"]
[Result "1-0"]
[WhiteElo "2285"]
[BlackElo "2115"]

1.e4 c5 2.Nc3 e6 3.Nge2 Nc6 4.d4 cxd4 5.Nxd4 Qc7 6.Be2 a6 7.O-O Nf6 8.Kh1 b5
9.Nxc6 dxc6 10.f4 b4 11.e5 bxc3 12.exf6 gxf6 13.Qe1 Bb7 14.Qxc3 Be7 15.Be3 c5
16.Bf3 Rb8 17.Rad1 h5 18.b3 h4 19.Bxb7 Qxb7 20.h3 Rg8 21.Rf3 Rc8 22.f5 Qb4
23.Bf2 e5 24.Qe3 Rh8 25.c4 Qa5 26.Qe4 Kf8 27.a4 Rd8 28.Rfd3 Rd4 29.Bxd4 cxd4
30.g3 hxg3 31.Rxg3 Qd8 32.Rdg1 Bb4 33.Qb7 a5 34.Qe4 Qd7 35.Qa8+ Ke7 36.Qxh8 Qxf5
37.Qh4 d3 38.Qg4 Qf2 39.Rxd3 f5 40.Qg5+ Ke6 41.Qh6+ f6 42.Qg7 e4 43.Qd7+  1-0

[Event "EU-ch U20 Girls"]
[Site "Zanka"]
[Date "1995.??.??"]
[Round "1"]
[White "Velcheva, Maria"]
[Black "Popova, Natalija"]
[Result "0-1"]
[WhiteElo "2285"]
[BlackElo "2065"]

1.e4 c5 2.Nf3 e6 3.d4 cxd4 4.Nxd4 Nc6 5.Nc3 d6 6.Be2 Be7 7.O-O Nf6 8.Be3 a6
9.f4 Bd7 10.Qe1 O-O 11.Qg3 Qc7 12.Rae1 b5 13.a3 Rab8 14.Bd3 b4 15.Nxc6 Bxc6
16.axb4 Rxb4 17.Bc1 Qb7 18.Qe3 Nd7 19.Nd5 Bd8 20.Qh3 Rd4 21.Nc3 Nc5 22.Be3 Nxd3
23.Bxd4 Nxe1 24.Rxe1 Bb6 25.Bxb6 Qxb6+ 26.Kh1 Qxb2 27.Qd3 Bb5 28.Nxb5 axb5
29.h3 Rc8 30.Qxd6 Qxc2 31.f5 exf5 32.e5 Qc6 33.Qd3 Qc3 34.Qe2 Re8 35.Rb1 Rxe5
36.Rxb5 Qc1+ 37.Kh2 Qf4+  0-1

[Event "EU-ch U20 Girls"]
[Site "Zanka"]
[Date "1995.??.??"]
[Round "3"]
[White "Grabics, Monika"]
[Black "Medvegy, Nora"]
[Result "1-0"]
[WhiteElo "2315"]
[BlackElo "2235"]

1.e4 c5 2.Nf3 e6 3.d4 cxd4 4.Nxd4 Nc6 5.Nc3 Qc7 6.f4 a6 7.Nxc6 bxc6 8.e5 Bb7
9.Be2 f6 10.Be3 Be7 11.Qd2 c5 12.O-O-O Rd8 13.Rhf1 Nh6 14.g4 Nf7 15.exf6 gxf6
16.f5 O-O 17.g5 Nxg5 18.h4 Nf7 19.Bh5 Kh8 20.Qe2 Qe5 21.Rde1 Qc7 22.Bg6 hxg6
23.fxg6 Qe5 24.Qg4 Kg7 25.gxf7+ Kxf7 26.Bg5 Qxe1+ 27.Rxe1 fxg5 28.hxg5 Kg7
29.Qh4 Rh8 30.Qf4 Rh5 31.Rg1 Rdh8 32.Ne2 Rh1 33.Qe5+ Kg8 34.Qb8+ Kg7 35.Qxb7 Bxg5+
36.Kd1  1-0

[Event "EU-ch U20 Girls"]
[Site "Zanka"]
[Date "1995.??.??"]
[Round "5"]
[White "Bradianu, Ileana"]
[Black "Popova, Natalija"]
[Result "0-1"]
[WhiteElo "2055"]
[BlackElo "2065"]

1.e4 c5 2.Nf3 Nc6 3.d4 cxd4 4.Nxd4 e6 5.Nc3 Be7 6.Be2 d6 7.f4 Nf6 8.Bf3 O-O
9.Be3 a6 10.Qe2 Qc7 11.O-O-O Na5 12.Kb1 Rb8 13.g4 b5 14.Qg2 b4 15.Nce2 Nc4
16.Bc1 e5 17.g5 exd4 18.gxf6 Bxf6 19.Nxd4 Bxd4 20.Rxd4 Na3+ 21.bxa3 bxa3+
22.Bb2 Rxb2+ 23.Kc1 Qc3  0-1

[Event "EU-ch U20 Girls"]
[Site "Zanka"]
[Date "1995.??.??"]
[Round "6"]
[White "Lakos, Nikoletta"]
[Black "Popova, Natalija"]
[Result "1-0"]
[WhiteElo "2265"]
[BlackElo "2065"]

1.e4 c5 2.Nf3 e6 3.d4 cxd4 4.Nxd4 Nc6 5.Nc3 d6 6.Be3 Be7 7.Bc4 Nf6 8.Qe2 a6
9.Rg1 O-O 10.g4 Nxd4 11.Bxd4 b5 12.Bb3 Bb7 13.g5 Nd7 14.a3 Nc5 15.Ba2 e5
16.Bxc5 dxc5 17.Bd5 Bxd5 18.Nxd5 Kh8 19.Qh5 f5 20.O-O-O Qe8 21.g6 h6 22.Nc7 Qc6
23.Nxa8 Qxa8 24.exf5 c4 25.Rd7 Bf6 26.Rf7 Qc8 27.Qf3 Qc5 28.Qc6 Be7 29.Qxc5 Bxc5
30.Rd1 Kg8 31.Rxf8+ Kxf8 32.Rd7 Bxf2 33.Kd1 h5 34.Rf7+ Kg8 35.Re7 Kf8 36.Rxe5 Bd4
37.Re6 Bxb2 38.Rxa6 Bd4 39.Kd2 h4 40.h3 Ke7 41.c3 Bc5 42.Ke2 Bg1 43.Re6+ Kd7
44.f6  1-0

[Event "EU-ch U20 Girls"]
[Site "Zanka"]
[Date "1995.??.??"]
[Round "8"]
[White "Grabarska, Barbara"]
[Black "Medvegy, Nora"]
[Result "1-0"]
[WhiteElo "2155"]
[BlackElo "2235"]

1.e4 c5 2.Nf3 e6 3.d4 cxd4 4.Nxd4 Nc6 5.Nc3 Qc7 6.g3 a6 7.Bg2 Nf6 8.O-O Be7
9.Re1 d6 10.Nxc6 bxc6 11.e5 dxe5 12.Rxe5 O-O 13.Re1 Bb7 14.Bf4 Qa5 15.Ne4 Rad8
16.Qe2 Nd5 17.Bd2 Qb6 18.c4 Nb4 19.Bc3 f5 20.c5 Bxc5 21.Nxc5 Qxc5 22.Qxe6+ Rf7
23.Re5 Nd5 24.Rxf5 Rf8 25.Rxf7 Rxf7 26.Qe1 Re7 27.Qd2 Nxc3 28.bxc3 a5 29.Re1 Rxe1+
30.Qxe1 Kf7 31.Qd2 Ke7 32.Qf4 Bc8 33.Qc7+ Bd7 34.Bh3 Qd5 35.Qxd7+ Qxd7 36.Bxd7 Kxd7
37.Kf1 Kd6 38.Ke2 Kc5 39.Kd3 Kb5 40.f4 Ka4 41.g4 h6 42.h4 Ka3 43.f5 Kxa2
44.Kc2  1-0

[Event "EU-ch U20 Girls"]
[Site "Zanka"]
[Date "1995.??.??"]
[Round "9"]
[White "Lakos, Nikoletta"]
[Black "Velcheva, Maria"]
[Result "0-1"]
[WhiteElo "2265"]
[BlackElo "2285"]

1.e4 c5 2.Nf3 e6 3.d4 cxd4 4.Nxd4 Nc6 5.Nc3 Qc7 6.Nxc6 bxc6 7.Bd3 Nf6 8.O-O Be7
9.Qe2 e5 10.Bc4 d6 11.h3 O-O 12.Kh1 Nd7 13.f4 Nb6 14.fxe5 dxe5 15.Bb3 a5
16.Be3 Ba6 17.Rxf7 Rxf7 18.Bxf7+ Kxf7 19.Qf2+ Kg8 20.Bxb6 Qb7 21.Rd1 Rf8
22.Qe3 h6 23.Bxa5 Bg5 24.Qb6 Qxb6 25.Bxb6 Rb8 26.Na4 Bb5 27.Bc7 Rc8 28.Bxe5 Bxa4
29.b3 Bb5 30.c4 Ba6 31.Rd7 Re8 32.Rxg7+ Kf8 33.Bc3 Rxe4 34.Ra7 Bc8 35.Rc7 Bf5
36.Rxc6 Re2 37.h4 Bxh4 38.Rxh6 Be7 39.Bf6 Re1+ 40.Kh2 Bd6+ 41.g3 Be4 42.Rh8+ Kf7
43.Kh3 Kxf6  0-1

[Event "EU-ch U20 Girls"]
[Site "Zanka"]
[Date "1995.??.??"]
[Round "9"]
[White "Grabics, Monika"]
[Black "Popova, Natalija"]
[Result "0-1"]
[WhiteElo "2315"]
[BlackElo "2065"]

1.e4 c5 2.Nf3 e6 3.d4 cxd4 4.Nxd4 Nc6 5.Nc3 d6 6.f4 Nf6 7.Be3 a6 8.Qf3 Qc7
9.O-O-O Na5 10.g4 b5 11.g5 Nd7 12.f5 Ne5 13.Qf4 b4 14.Nb1 Nec4 15.Nb3 e5
16.Qf2 Nxe3 17.Qxe3 Nc6 18.g6 hxg6 19.fxg6 f6 20.h4 a5 21.Bc4 a4 22.Bf7+ Ke7
23.N3d2 Nd4 24.Nc4 Be6 25.Bxe6 Kxe6 26.Qh3+ Ke7 27.Ne3 Kd8 28.Kd2 Rc8 29.c4 Qd7
30.Qxd7+ Kxd7 31.h5 Ke6 32.Kd3 Be7 33.Nd2 Rcf8 34.Rdg1 f5 35.exf5+ Nxf5 36.Nxf5 Rxf5
37.h6 gxh6 38.Rxh6 Rxh6 39.g7 Rf8 40.gxf8=Q Bxf8 41.Rg8 Rh3+ 42.Kc2 Bh6 43.Rg2 Bxd2
44.Kxd2 Kf5 45.Kc2 Kf4 46.Rg6 Rh2+ 47.Kc1 e4 48.Rxd6 b3 49.axb3 axb3 50.Rb6 Rc2+
51.Kd1 Rxb2 52.c5 Kf3 53.Rb8 Rb1+ 54.Kd2 e3+ 55.Kd3 Rd1+ 56.Kc3 e2 57.Rf8+ Kg4
58.Re8 e1=Q+ 59.Rxe1 Rxe1 60.Kxb3 Re4  0-1

[Event "Zuerich op"]
[Site "Zuerich"]
[Date "1995.??.??"]
[Round "5"]
[White "Schumi, Manfred"]
[Black "Wyss, Thomas"]
[Result "1-0"]
[WhiteElo "2220"]
[BlackElo "2255"]

1.e4 c5 2.Nf3 e6 3.d4 cxd4 4.Nxd4 Nc6 5.Nc3 Qc7 6.g3 a6 7.Bg2 Nf6 8.O-O Nxd4
9.Qxd4 Bc5 10.Bf4 d6 11.Qd3 Nd7 12.Na4 e5 13.Bd2 b5 14.Nxc5 Nxc5 15.Qe2 O-O
16.f4 Bb7 17.b3 Qc6 18.Rfe1 a5 19.Rad1 Rfe8 20.f5 b4 21.f6 g6 22.Bg5 Ne6
23.Be3 Nc5 24.Bg5 Ne6 25.Be3 Nc7 26.Qg4 Nb5 27.Qh4 Kh8 28.Bh6 Rg8 29.Rf1 Raf8
30.Rd2 Nc3 31.Bg7+ Rxg7 32.fxg7+ Kxg7 33.Qf6+ Kg8 34.Qxd6 Qb5 35.Re1 Bc6
36.Qd3 Qb7 37.a4 Kg7 38.Qe3 Re8 39.Rd6 h5 40.Qc5 Bxe4 41.Rb6 Qa8 42.Bxe4 Nxe4
43.Qc6 Qa7 44.Qb7 Qxb7 45.Rxb7 Nd2 46.Kf2 e4 47.Rb5 Nf3 48.Rxe4 Rxe4 49.Kxf3 Rd4
50.Rxa5 Rd2 51.Rb5 Rxc2 52.Rxb4 g5 53.a5 Rc3+ 54.Ke4 h4 55.gxh4 gxh4 56.a6  1-0

[Event "Zuerich op"]
[Site "Zuerich"]
[Date "1995.??.??"]
[Round "6"]
[White "Schumi, Manfred"]
[Black "Kurz, Eugen"]
[Result "0-1"]
[WhiteElo "2220"]
[BlackElo "2345"]

1.e4 c5 2.Nf3 e6 3.d4 cxd4 4.Nxd4 Nc6 5.Nc3 Qc7 6.g3 a6 7.Bg2 d6 8.O-O Nf6
9.a4 Be7 10.Re1 Bd7 11.Nxc6 Bxc6 12.a5 Nd7 13.Be3 O-O 14.Qd2 Rfc8 15.f4 b6
16.axb6 Nxb6 17.b3 Bb7 18.Ra2 d5 19.Qf2 Nd7 20.Na4 dxe4 21.Nb6 Bb4 22.Re2 Nxb6
23.Bxb6 Qd6 24.Bxe4 Bxe4 25.Rxe4 Bc3 26.Rea4 h5 27.Bd4 g6 28.Qe3 Bxd4 29.Rxd4 Qb6
30.Rd3 Qb5 31.c4 Rxc4 32.Re2 Rc7 33.Kg2 Rac8 34.Red2 Rc2 35.Qe2 Qc6+ 36.Kh3 Rxd2
37.Rxd2 Qb5 38.Qd3 Qa5 39.Rd1 Kh7 40.b4 Qxb4 41.Qxa6 Rc3 42.Qd6 Qe4 43.Rd2 g5
44.Qd4 Qxd4 45.Rxd4 gxf4 46.Rxf4 Kg6 47.Ra4 Rc2 48.Ra8 Re2 49.Rg8+ Kh7 50.Rg5 Kh6
51.Rg8 e5 52.Re8 Kg7 53.Re7 Kf6 54.Re8 Rf2 55.Rh8 e4 56.Re8 Kf5 57.Re7 f6
58.Re8 Re2 59.Rh8 e3 60.Rxh5+ Ke4 61.g4 Rf2 62.Kg3 Rf3+ 63.Kg2 e2 64.Rh8 Re3  0-1

[Event "Zuerich op"]
[Site "Zuerich"]
[Date "1995.??.??"]
[Round "7"]
[White "Siegel, Georg"]
[Black "Nemet, Ivan"]
[Result "1-0"]
[WhiteElo "2480"]
[BlackElo "2395"]

1.e4 c5 2.Nf3 e6 3.Nc3 Nc6 4.d4 cxd4 5.Nxd4 d6 6.Be3 Nf6 7.f4 Be7 8.Qf3 O-O
9.O-O-O Qc7 10.g4 Nxd4 11.Rxd4 e5 12.Rd2 exf4 13.Bxf4 Be6 14.g5 Nd7 15.h4 Rac8
16.Bh3 Ne5 17.Bxe5 dxe5 18.Nd5 Bxd5 19.Bxc8 Bc6 20.Bh3 Qa5 21.a3 Qa4 22.Re1 g6
23.Qc3 Re8 24.Bf1 Bxe4 25.Qc4 Bc6 26.Qxa4 Bxa4 27.Rxe5 f6 28.Bc4+ Kg7 29.Re3 f5
30.Rde2 Kf8 31.Bd5 b6 32.Kd2 Bd6 33.Rxe8+ Bxe8 34.Rg2 h6 35.gxh6 Bf4+ 36.Kd3 Bxh6
37.c4 Bg7 38.Rf2 Ke7 39.Re2+ Kd8 40.b3 Bf6 41.Rh2 Be5 42.Rh1 Bb2 43.a4 a5
44.Bg8 Bf6 45.Bh7 Bc6 46.Rg1 Bxh4 47.Rxg6 Be4+ 48.Kd2 Kc7 49.Bg8 Be7 50.Bd5 Bb4+
51.Kd1 Bc5 52.Bxe4 fxe4 53.Re6 e3 54.Ke2 Kd7 55.Rh6 Kc7 56.Kd3 Kd7 57.Rh2 Kc7
58.Ke4 Kd6 59.Rh6+ Kc7 60.Kd5 Kd7 61.Re6 Kc7 62.Rh6 Kd7 63.Rh7+ Kd8 64.Rh2 Kd7
65.Re2 Kc7 66.b4 axb4 67.a5 Kb7 68.axb6 Kxb6 69.Rb2 Bf8 70.Rb3 Bc5 71.Rb1 Be7
72.Re1 Bc5 73.Re2 b3 74.Rb2 e2 75.Rxe2 Ba3 76.Re3 b2 77.Rb3+ Kc7 78.c5 Kd7
79.Rb7+ Kc8 80.c6 Kd8 81.Kc4 Kc8 82.Kc3 Kd8 83.Kc2 Kc8 84.Kb1 Bd6 85.Kxb2 Bf4
86.Kc3 Bg3 87.Kc4 Bf4 88.Rf7 Bg3 89.Kc5 Bh2 90.Rh7 Bf4 91.Rh4 Bc1 92.Ra4 Kc7
93.Ra7+ Kc8 94.Rf7 Bd2 95.Rh7 Be3+ 96.Kd5 Bf4 97.Rh3 Bg5  1-0

[Event "Oberliga Nord W9697"]
[Site "Germany"]
[Date "1996.10.??"]
[Round "6"]
[White "Bangiev, Alexander"]
[Black "Panzer, Peter"]
[Result "1-0"]
[WhiteElo "2400"]
[BlackElo "2345"]

1.e4 c5 2.Nc3 e6 3.Nf3 Nc6 4.d4 cxd4 5.Nxd4 Qc7 6.Be3 a6 7.Bd3 Nf6 8.O-O Ne5
9.h3 d6 10.f4 Ned7 11.g4 Nc5 12.g5 Nfd7 13.Qe1 b5 14.b4 Nxd3 15.cxd3 Bb7
16.Rc1 Qd8 17.f5 exf5 18.Nd5 Rc8 19.Rxc8 Qxc8 20.Nxf5 h6 21.Qf2 Bxd5 22.exd5 g6
23.Bd4 Rh7 24.Ng7+ Bxg7 25.Qxf7+ Kd8 26.Bxg7  1-0

[Event "BRA-ch"]
[Site "Americana"]
[Date "1996.??.??"]
[Round "1"]
[White "Matsuura, Everaldo"]
[Black "Toth, Christian Endre"]
[Result "1/2-1/2"]
[WhiteElo "2385"]
[BlackElo "2380"]

1.e4 c5 2.Nf3 e6 3.d4 cxd4 4.Nxd4 Nc6 5.Nc3 Qc7 6.g3 a6 7.Bg2 Nf6 8.O-O Bc5
9.Nb3 Ba7 10.Qe2 d6 11.Be3 Bxe3 12.Qxe3 Ne5 13.Qe2 Nc4 14.Nd1 e5 15.Nd2 Be6
16.b3 Na3 17.c4 Nc2 18.Rc1 Nd4 19.Qd3 Nd7 20.Nc3 O-O 21.f4 f5 22.Nd5 Bxd5
23.cxd5 Qa5 24.fxe5 dxe5 25.exf5 Qxa2 26.Rc7 Nf6 27.Rxb7 Rab8 28.d6 Qa3 29.Qc4+ Kh8
30.Rxb8 Rxb8 31.Qc7 Rf8 32.d7 Qe7 33.d8=Q Qxd8 34.Qxd8 Rxd8 35.Nc4 e4 36.Ra1  1/2-1/2

[Event "BRA-ch"]
[Site "Americana"]
[Date "1996.??.??"]
[Round "2"]
[White "Toth, Christian Endre"]
[Black "De Toledo, James Mann"]
[Result "1/2-1/2"]
[WhiteElo "2380"]
[BlackElo "2400"]

1.e4 c5 2.Nf3 e6 3.d4 cxd4 4.Nxd4 Nc6 5.Nc3 a6 6.Nxc6 bxc6 7.e5 Qc7 8.Bf4 Ne7
9.Ne4 Ng6 10.Nd6+ Bxd6 11.exd6 Qb6 12.Bc1 Bb7 13.Qd2 c5 14.b3 Rc8 15.Bb2 c4
16.Bxg7 Rg8 17.Bf6 c3 18.Qd4 Qxd4 19.Bxd4 Rc6 20.f3 Rxd6 21.Be3 Nh4 22.Kf2 Nf5
23.Re1 Nxe3 24.Rxe3 Rd2+ 25.Re2 Rd1 26.Re3 Rd2+ 27.Re2 Rd1 28.Re3 Rd2+  1/2-1/2

[Event "BRA-ch"]
[Site "Americana"]
[Date "1996.??.??"]
[Round "2"]
[White "Souza, Ivan"]
[Black "Leitao, Rafael"]
[Result "1/2-1/2"]
[WhiteElo "2285"]
[BlackElo "2475"]

1.e4 c5 2.Nf3 e6 3.d4 cxd4 4.Nxd4 Nc6 5.Nc3 Qc7 6.Be3 a6 7.a4 Nf6 8.Bd3 Bb4
9.O-O Nxd4 10.Bxd4 e5 11.Be3 Bxc3 12.bxc3 d5 13.exd5 Nxd5 14.Bb5+ axb5 15.Qxd5 bxa4
16.Qb5+ Bd7 17.Qb4 Rc8 18.Rfe1 Qxc3 19.Qxb7 Qc6 20.Qb4 Qc4 21.Qa3 Bc6 22.Bd4 f6
23.Bxe5 fxe5 24.Rxe5+ Kf7 25.Re7+ Kg8 26.Qb2 Qf7 27.Rxf7 Kxf7 28.Qa2+ Kf6
29.Qc4 Rhe8 30.f3 h6 31.Rd1 Re6 32.Kf2 Rce8 33.Qf4+ Ke7 34.Rd3 Ra8 35.Rc3 Bd7
36.Qb4+ Ke8 37.Qa3 Kf7 38.Rc7 Re7 39.h4 Ke8 40.Rc3 Ra6 41.Rc4 Rae6 42.Rxa4 Bxa4
43.Qxa4+ Kf7 44.Qc4 Rd7 45.g4 Ke7 46.Qc5+ Kd8 47.c4 Rc7 48.Qf8+ Re8 49.Qa3 Ree7
50.Qa8+ Rc8 51.Qd5+ Rd7 52.Qe6 Re7 53.Qf5 Rc6 54.Qd5+ Kc7 55.c5 Kb7 56.h5 Rc7
57.Ke3 Kc8 58.Qf5+ Rd7 59.f4 Kd8 60.g5 Ra6 61.Qf8+  1/2-1/2

[Event "BRA-ch"]
[Site "Americana"]
[Date "1996.??.??"]
[Round "6"]
[White "Van Riemsdijk, Herman C"]
[Black "Toth, Christian Endre"]
[Result "1/2-1/2"]
[WhiteElo "2425"]
[BlackElo "2380"]

1.e4 c5 2.Nf3 e6 3.d4 cxd4 4.Nxd4 Nc6 5.Nc3 Qc7 6.g3 a6 7.Bg2 Nf6 8.O-O Bc5
9.Nb3 Ba7 10.Qe2 Ne5 11.Be3 Bxe3 12.Qxe3 Nc4 13.Qc5 Qxc5 14.Nxc5 d6 15.Nd3 e5
16.a4 Be6 17.b3 Nd2 18.Rfd1 Rc8 19.Rxd2 Rxc3 20.Nb4 Ke7 21.Na2 Rc7 22.Rad1 Rhc8
23.c4 b5 24.axb5 axb5 25.cxb5 Bxb3 26.Re1 Rc4 27.f3 Ra4 28.Nc1 Bc4 29.Rb2 Rb8
30.Bf1 Bxf1 31.Kxf1 Ra5 32.Nd3 Raxb5 33.Rxb5 Rxb5 34.Ra1 Nd7 35.Ke2 Nc5 36.Nxc5 Rxc5
37.Ra2 h5 38.h4 g6 39.Kf2 Ke6 40.Ra7 Rc2+ 41.Kg1 Rd2 42.Kf1 f5 43.Rg7 Kf6
44.Rd7 fxe4 45.fxe4 Rd4 46.Kf2 Rxe4 47.Rxd6+ Kf5 48.Ra6 Rb4 49.Ke3 Rb3+ 50.Kf2 e4
51.Ra5+ Kg4 52.Rg5+ Kh3 53.Rxg6 Rf3+ 54.Ke2 Rxg3 55.Re6 Rg4 56.Re5 Kxh4 57.Ke3 Rg5
58.Rxe4+ Kg3 59.Ke2 Kg2 60.Kd2 Rg8 61.Rh4 Rh8 62.Re4 h4 63.Ke2 Kg3 64.Kf1 Kh2
65.Rf4 h3 66.Rf2+ Kg3 67.Kg1 h2+ 68.Kh1 Kxf2  1/2-1/2

[Event "BRA-ch"]
[Site "Americana"]
[Date "1996.??.??"]
[Round "8"]
[White "Van Riemsdijk, Herman C"]
[Black "Disconzi da Silva, Rodrigo"]
[Result "1/2-1/2"]
[WhiteElo "2425"]
[BlackElo "2345"]

1.e4 c5 2.Nf3 e6 3.d4 cxd4 4.Nxd4 Nc6 5.Nc3 Qc7 6.g3 a6 7.Bg2 Nf6 8.O-O Bc5
9.Nxc6 dxc6 10.Qe2 e5 11.Be3 Bg4 12.f3 Bxe3+ 13.Qxe3 Be6 14.Rfd1 Nd7 15.Rd2  1/2-1/2

[Event "BRA-ch"]
[Site "Americana"]
[Date "1996.??.??"]
[Round "10"]
[White "Matsuura, Everaldo"]
[Black "Vescovi, Giovanni"]
[Result "1/2-1/2"]
[WhiteElo "2385"]
[BlackElo "2490"]

1.e4 c5 2.Nf3 e6 3.d4 cxd4 4.Nxd4 Nc6 5.Nc3 Qc7 6.Be2 a6 7.O-O Nf6 8.Be3 Bb4
9.Na4 Be7 10.Nxc6 bxc6 11.Nb6 Rb8 12.Nxc8 Qxc8 13.e5 Nd5 14.Bc1 Bc5 15.Qd3 O-O
16.c4 Ne7 17.b3 Qc7 18.Bb2 d6  1/2-1/2

[Event "Amsterdam VSB"]
[Site "Amsterdam"]
[Date "1996.??.??"]
[Round "8"]
[White "Timman, Jan H"]
[Black "Short, Nigel D"]
[Result "0-1"]
[WhiteElo "2620"]
[BlackElo "2665"]

1.e4 c5 2.Nf3 e6 3.d4 cxd4 4.Nxd4 Nc6 5.Nc3 Qc7 6.Be3 a6 7.Bd3 Nf6 8.O-O Bd6
9.f4 Bc5 10.Nf5 Bxe3+ 11.Nxe3 d6 12.Kh1 O-O 13.g4 Nd7 14.g5 b5 15.Qh5 Bb7
16.f5 Nce5 17.f6 Qc5 18.Rae1 Nxd3 19.cxd3 Nxf6 20.Qh4 Nd7 21.Rf3 f6 22.Rh3 Qxg5
23.Qxh7+ Kf7 24.Rh5 Rh8 25.Qxh8 Rxh8 26.Rxg5 fxg5 27.Ng4 Rh4 28.Nf2 b4 29.Nb1 Ne5
30.Nd2 Rf4 31.Re2 Ke7 32.Kg2 a5 33.d4 Nc6 34.d5 Nd4 35.Re3 exd5 36.e5 Nf5
37.exd6+ Kxd6 38.Re8 Bc6 39.Rg8 g4 40.Kg1 a4 41.Rb8 g3 42.hxg3 Nxg3 43.Nh3 Ne2+
44.Kh2 Rg4 45.Nf3 d4 46.Rb6 Re4 47.Rxb4 Kc5 48.Rb8 Re3 49.Nd2 Nc1 50.b4+ axb3
51.Nxb3+ Nxb3 52.axb3 Re8 53.b4+ Kc4 54.Rb6 Bd5 55.Rd6 Rh8 56.b5 d3  0-1

[Event "Donner mem op"]
[Site "Amsterdam"]
[Date "1996.??.??"]
[Round "11"]
[White "Salov, Sergei"]
[Black "Langeweg, Kick"]
[Result "1/2-1/2"]
[WhiteElo "2270"]
[BlackElo "2375"]

1.e4 c5 2.Nf3 e6 3.d4 cxd4 4.Nxd4 Nc6 5.Nc3 Qc7 6.Be2 a6 7.O-O Nf6 8.Be3 Be7
9.f4 d6 10.Kh1 O-O 11.a4 Rd8 12.Qe1 Nxd4  1/2-1/2

[Event "Andorra"]
[Site "Andorra"]
[Date "1996.??.??"]
[Round "6"]
[White "Apicella, Manuel"]
[Black "Pogorelov, Ruslan"]
[Result "1-0"]
[WhiteElo "2560"]
[BlackElo "2450"]

1.e4 c5 2.Nf3 e6 3.d4 cxd4 4.Nxd4 Nc6 5.Nc3 Qc7 6.Be2 a6 7.O-O Nf6 8.Be3 Bb4
9.Na4 O-O 10.c4 Bd6 11.g3 Nxe4 12.Bf3 Nf6 13.Bg2 Be7 14.c5 Nxd4 15.Qxd4 e5
16.Qd2 Rb8 17.Rfd1 Ng4 18.Rac1 Nxe3 19.Qxe3 f5 20.Nb6 e4 21.Nd5 Qe5 22.f4 Qe6
23.Bf1 Kh8 24.Bc4 Bd8 25.Nb6 Qf6 26.Rc2 Bxb6 27.cxb6 d6 28.Rcd2 Rd8 29.Qd4 Qe7
30.Qe5 Qxe5 31.fxe5 d5 32.Rxd5 Rxd5 33.Bxd5 Bd7 34.e6 Bb5 35.e7 g6 36.Bc6 Bxc6
37.Rd8+ Kg7 38.Rxb8 Kf7 39.e8=Q+ Bxe8 40.Rxb7+ Ke6 41.Rxh7  1-0

[Event "Ashkhabad-B"]
[Site "Ashkhabad"]
[Date "1996.??.??"]
[Round "9"]
[White "Kudriashov, Anatoli"]
[Black "Saltaev, Mihail"]
[Result "0-1"]
[WhiteElo "2345"]
[BlackElo "2530"]

1.e4 c5 2.Nf3 e6 3.d4 cxd4 4.Nxd4 Nc6 5.Nc3 d6 6.f4 Nf6 7.Nb3 Be7 8.Bd3 O-O
9.O-O a6 10.Kh1 b5 11.a4 b4 12.Ne2 e5 13.Ng3 g6 14.a5 exf4 15.Bxf4 Be6 16.Qe1 Ng4
17.Rd1 Re8 18.Be2 Bf8 19.Nd4 Nxd4 20.Rxd4 Qxa5 21.Qd2 Rac8 22.Bxd6 Bh6 23.Bf4 Bg7
24.Bxg4 Bxg4 25.Rd5 Qa2 26.Qxb4 Rxc2 27.Rd2 Rxd2 28.Qxd2 Qxb2 29.Qa5 Qb5
30.Qxb5 axb5 31.Rb1 Rd8 32.Kg1 b4 33.Kf2 Rd1 34.Rxd1 Bxd1 35.Ke1 Bc2 36.Kd2 b3
37.e5 g5  0-1

[Event "GRE-chT"]
[Site "Athens"]
[Date "1996.??.??"]
[Round "3"]
[White "Diatsintos, Apostolos"]
[Black "Drakopoulos, Anastasios"]
[Result "1-0"]
[WhiteElo "2115"]
[BlackElo "2120"]

1.e4 c5 2.Nf3 Nc6 3.d4 cxd4 4.Nxd4 e6 5.Nc3 Qc7 6.g3 a6 7.Bg2 Nf6 8.O-O Be7
9.Kh1 d6 10.f4 Bd7 11.Nb3 b5 12.a3 Rb8 13.Qe2 Rc8 14.Be3 b4 15.axb4 Nxb4
16.Rfc1 O-O 17.Na4 Bb5 18.Qd2 d5 19.Nac5 Nc6 20.e5 d4 21.Bg1 Nd5 22.Ne4 Bb4
23.c3 dxc3 24.bxc3 Bc4 25.cxb4 Bxb3 26.Rxa6 Ndxb4 27.Rb6 Bc2 28.Nd6  1-0

[Event "GRE-chT"]
[Site "Athens"]
[Date "1996.??.??"]
[Round "8"]
[White "Pavlovic, Milos"]
[Black "Arakhamia, Ketevan"]
[Result "1-0"]
[WhiteElo "2505"]
[BlackElo "2455"]

1.e4 c5 2.Nf3 Nc6 3.d4 cxd4 4.Nxd4 e6 5.Nc3 d6 6.Be3 Nf6 7.Bc4 a6 8.Bb3 Be7
9.Qe2 Qc7 10.O-O-O O-O 11.Rhg1 Nd7 12.g4 Nc5 13.Kb1 Nxd4 14.Bxd4 b5 15.g5 Re8
16.Qh5 g6 17.Qh6 Bf8 18.Qh4 Nxb3 19.axb3 Bb7 20.Bf6 Rac8 21.Rd2 h5 22.gxh6 Kh7
23.Rgd1 e5 24.Bg7 Be7 25.Qg4 b4 26.Nd5 Bxd5 27.exd5 Rb8 28.f4 f5 29.Qh3 exf4
30.Rg1 Bf8 31.Rdg2 Rbc8 32.Bd4 Re4 33.Rxg6 Qxc2+ 34.Ka2 Rxd4 35.Rg7+ Kh8
36.Rg8+ Kh7  1-0

[Event "AUT-chT2O 9697"]
[Site "Austria"]
[Date "1996.??.??"]
[Round "1"]
[White "Sandhu, Mario"]
[Black "Weissenbeck, Manuel"]
[Result "1-0"]
[WhiteElo "2130"]
[BlackElo "2225"]

1.e4 c5 2.Nf3 e6 3.d4 cxd4 4.Nxd4 Nc6 5.Nc3 Qc7 6.Be2 a6 7.O-O Nf6 8.Be3 d6
9.a4 Bd7 10.Nb3 Be7 11.f4 O-O 12.Bf3 Na5 13.Nxa5 Qxa5 14.Qd2 Kh8 15.Kh1 Bc6
16.b4 Qc7 17.b5 axb5 18.axb5 Bd7 19.Rxa8 Rxa8 20.e5 dxe5 21.fxe5 Bb4 22.exf6 Bxc3
23.fxg7+ Bxg7 24.b6 Qc4 25.Rd1 Bc6 26.Bxc6 Qxc6 27.Qd8+ Rxd8 28.Rxd8+ Bf8
29.Bh6 Qd6 30.Rxf8+  1-0

[Event "AUT-chT2S 9697"]
[Site "Austria"]
[Date "1996.??.??"]
[Round "7"]
[White "Teuschler, Hugo"]
[Black "Wilfling, Hermann"]
[Result "1/2-1/2"]
[WhiteElo "2095"]
[BlackElo "2015"]

1.e4 c5 2.Nf3 Nc6 3.d4 cxd4 4.Nxd4 e6 5.Nc3 d6 6.Be2 Be7 7.O-O Nf6 8.Be3 O-O
9.f4 a6 10.Qe1 Qc7 11.Qg3 Nxd4 12.Bxd4 b5 13.a3 Bb7 14.Bd3 Rad8 15.Rae1 d5
16.Kh1 dxe4 17.Be5 Qc8 18.Nxe4 Bxe4 19.Bxe4 Nh5 20.Qf3 Nf6 21.Bd3 g6  1/2-1/2

[Event "AUT-chT9697"]
[Site "Austria"]
[Date "1996.??.??"]
[Round "9"]
[White "Wittmann, Walter"]
[Black "Sommerbauer, Norbert"]
[Result "1/2-1/2"]
[WhiteElo "2370"]
[BlackElo "2350"]

1.e4 c5 2.Nf3 e6 3.d4 cxd4 4.Nxd4 Nc6 5.Nc3 Qc7 6.g3 a6 7.Bg2 Nf6 8.O-O Nxd4
9.Qxd4 Bc5 10.Bf4 d6 11.Qd3 Nd7 12.Na4 e5 13.Bd2 b5 14.Nxc5 Nxc5 15.Qa3 O-O
16.Ba5 Qc6 17.Rad1 Be6 18.Rd2 Nxe4 19.Bb4 a5 20.Bxd6 Bh3 21.Bxe4 Qxe4 22.f3 Qc4
23.Rfd1 Rfe8  1/2-1/2

[Event "AUT-chT9596"]
[Site "?"]
[Date "1996.??.??"]
[Round "?"]
[White "Almasi, Zoltan"]
[Black "Jansa, Vlastimil"]
[Result "1-0"]
[WhiteElo "2650"]
[BlackElo "2500"]

1.e4 c5 2.Nf3 e6 3.d4 cxd4 4.Nxd4 Nc6 5.Nc3 a6 6.Be3 Qc7 7.Bd3 b5 8.O-O Bb7
9.Nxc6 Bxc6 10.Re1 Nf6 11.Bd4 Be7 12.e5 Nd5 13.Qg4 Nxc3 14.Bxc3 g6 15.Bb4 h5
16.Qf4 Bxb4 17.Qxb4 h4 18.Qg4 h3 19.g3 Qb7 20.Re3 O-O-O 21.Qd4 Rh5 22.Be2 Rg5
23.f4 Bh1 24.Rc3+ Kb8 25.Kf2 Rf5 26.Rxh1 d6 27.Bf3  1-0

[Event "AUT-chT9596"]
[Site "?"]
[Date "1996.??.??"]
[Round "?"]
[White "Watzka, Horst"]
[Black "Sommerbauer, Norbert"]
[Result "1-0"]
[WhiteElo "2340"]
[BlackElo "2385"]

1.e4 c5 2.Nf3 e6 3.d4 cxd4 4.Nxd4 Nc6 5.Nc3 Qc7 6.g3 a6 7.Bg2 Nf6 8.O-O d6
9.Re1 Bd7 10.Nxc6 bxc6 11.Na4 Be7 12.c4 O-O 13.c5 d5 14.Bf4 Qa7 15.e5 Ne8
16.Be3 Rb8 17.Qd2 g6 18.b4 a5 19.a3 Ng7 20.Nb6 f6 21.exf6 Bxf6 22.Bd4 Bxd4
23.Qxd4 Nf5 24.Qd2 Rxb6 25.cxb6 Qxb6 26.bxa5 Qd4 27.Qe2 Qa7 28.Rab1 Qxa5
29.Rb7 Rf7 30.Qe5 Qd2 31.Reb1 Ng7 32.R7b2 Qd3 33.Bh3 h6 34.a4 Kh7 35.a5 c5
36.Bf1 Qa3 37.a6 c4 38.Rb6 c3 39.Bd3 Ba4 40.Qe2 Qc5 41.Rb7 Rf8 42.a7 Bc6
43.Rb8 d4 44.Rxf8 Qxf8 45.Ra1 Qa8 46.f4 h5 47.h3 Qd8 48.Qe5 Ba8 49.Rb1 Qd7
50.Qf6 Nf5 51.Rb8 Qg7 52.Qxg7+  1-0